| 000 | 00737cam a2200229 a 4500 | ||
|---|---|---|---|
| 001 | 000019241 | ||
| 005 | 20200929165947.0 | ||
| 008 | 880526s1972 ve a b 000 0 spa d | ||
| 040 |
_aDO-SdBNP _bspa _cDLC _dBNPHU |
||
| 082 |
_a578.86 _bT153L |
||
| 100 | 1 |
_aTamayo, Francisco, _d1902-1985. _941404 |
|
| 245 | 1 | 4 |
_aLos llanos de Venezuela II / _cFrancisco Tamayo. |
| 260 |
_aCaracas, Venezuela : _bMonte Ávila Editores, _c1972. |
||
| 300 |
_a2 vol. : _bil. ; _c22 cm. |
||
| 490 | 1 |
_aCientífica _v4 |
|
| 650 | 4 |
_aHistoria natural _zVenezuela _925752 |
|
| 650 | 4 |
_aLlanos ecología _zVenezuela _941405 |
|
| 650 | 4 |
_aLlanos _zVenezuela. _941406 |
|
| 830 | 0 |
_aCientífica ; _v4 _925797 |
|
| 910 | _aCatalogación derivada / LC | ||
| 049 | _aBNGR | ||
| 999 |
_c18759 _d18759 |
||